|
|
|
|
| LEADER |
01037nam a2200253 a 4500 |
| 001 |
1035667 |
| 008 |
090511s1990 nyua b 001 0 eng d |
| 010 |
|
|
|a 89012115
|
| 020 |
|
|
|a 0070081476
|
| 040 |
|
|
|a DLC
|c DLC
|d DLC
|
| 050 |
0 |
0 |
|a TK7815
|b .B74 1990
|
| 082 |
0 |
0 |
|a 621.381
|2 20
|
| 100 |
1 |
|
|a Brophy, James John,
|d 1926-
|
| 245 |
1 |
0 |
|a Basic electronics for scientists /
|c James J. Brophy.
|
| 250 |
|
|
|a 5th ed.
|
| 260 |
|
|
|a New York :
|b McGraw-Hill,
|c c1990.
|
| 300 |
|
|
|a xvi, 462 p. :
|b ill. ;
|c 25 cm.
|
| 504 |
|
|
|a Includes bibliographies and index.
|
| 541 |
1 |
|
|e 00016217
|
| 650 |
|
0 |
|a Electronics.
|
| 852 |
4 |
|
|a <add your library>
|j <shelf mark>
|
| 999 |
|
|
|c 590
|d 590
|
| 952 |
|
|
|0 0
|1 0
|2 ddc
|4 0
|6 621_381000000000000_BRO_1990
|7 0
|9 540
|a BRACUL
|b BRACUL
|c GEN
|d 2009-05-11
|l 7
|m 112
|o 621.381 BRO
|p 3010016217
|q 2026-05-20
|r 2026-01-15
|s 2026-01-15
|t 1
|w 2009-05-11
|y BK
|
| 952 |
|
|
|0 0
|1 4
|2 ddc
|4 0
|6 621_381000000000000_BRO
|7 0
|9 14392
|a BRACUL
|b BRACUL
|c GEN
|d 2011-02-23
|l 2
|m 3
|o 621.381 BRO
|p 3010016218
|r 2014-11-12
|s 2014-10-15
|t 2
|w 2011-02-23
|y BK
|x Koha Inventory 2020
|